Statistiques concernant Pays par frontières

Cliquez ici pour prendre le quiz!

Statistiques générales

  • Ce quiz a été pris 173 fois
  • Le résultat moyen est 14 sur 16

Statistiques - réponses

PaysPays à trouver% Correct
Norvège / FinlandeSuède
100%
France / EspagneAndorre
99%
Corée du NordCorée du Sud
99%
Canada / MexiqueÉtats-Unis
99%
EspagnePortugal
99%
France / Suriname / Guyana / Venezuela / Colombie / Pérou / Bolivie / Paraguay / Argentine / UruguayBrésil
98%
Afrique du SudLesotho
90%
Lesotho / Eswatini (Swaziland) / Mozambique / Zimbabwe / Botswana / NamibieAfrique du Sud
89%
Albanie / Macédoine du Nord / Bulgarie / TurquieGrèce
88%
Timor Oriental / Papouasie-Nouvelle-Guinée / MalaisieIndonésie
88%
Suisse / AutricheLiechtenstein
88%
Colombie / Costa RicaPanama
88%
Inde / Birmanie (Myanmar)Bangladesh
84%
Bhoutan / Népal / Bangladesh / Birmanie (Myanmar) / Chine / PakistanInde
84%
Canada / AllemagneDanemark
78%
SénégalGambie
74%

Distribution des résultats

Percentile par nombre de réponses

% des personnes avec chaque résultat

Votre développement - résultats

Vous n’avez pas pris ce quiz